Beauty and the beast, the only one who didn't run away / (Record no. 3800)

MARC details
000 -LEADER
fixed length control field 00833nam a22002417a 4500
001 - CONTROL NUMBER
control field 3800
003 - CONTROL NUMBER IDENTIFIER
control field FISKH
005 - DATE AND TIME OF LATEST TRANSACTION
control field 20240508143558.0
008 - FIXED-LENGTH DATA ELEMENTS--GENERAL INFORMATION
fixed length control field 240508b cb ||||| |||| 00| 0 eng d
040 ## - CATALOGING SOURCE
Original cataloging agency FISK
Language of cataloging eng
Transcribing agency FISK
Modifying agency FISK
050 ## - LIBRARY OF CONGRESS CALL NUMBER
Classification number PZ7.M42355
082 ## - DEWEY DECIMAL CLASSIFICATION NUMBER
Classification number 813.54
100 ## - MAIN ENTRY--PERSONAL NAME
Personal name Mass Wendy
Dates associated with a name 1967-
245 ## - TITLE STATEMENT
Title Beauty and the beast, the only one who didn't run away /
260 ## - PUBLICATION, DISTRIBUTION, ETC.
Place of publication, distribution, etc. New York :
Name of publisher, distributor, etc. Scholastic,
Date of publication, distribution, etc. 2013
300 ## - PHYSICAL DESCRIPTION
Extent 282 pages :
Dimensions 20 cm
505 ## - FORMATTED CONTENTS NOTE
Formatted contents note M
520 ## - SUMMARY, ETC.
Summary, etc. Struggling with looks that she thinks do not reflect her name, Beauty meets a gangly youth who lives in the shadow of his older brother and who a witch enchants to assume the form of a beast until a girl willingly dances with him.
521 8# - TARGET AUDIENCE NOTE
Target audience note 760
Source Lexiles
700 ## - ADDED ENTRY--PERSONAL NAME
Personal name Wendy Mass
942 ## - ADDED ENTRY ELEMENTS (KOHA)
Source of classification or shelving scheme Dewey Decimal Classification
Koha item type Books
Suppress in OPAC No
Holdings
Withdrawn status Lost status Source of classification or shelving scheme Damaged status Not for loan Collection Home library Current library Shelving location Date acquired Total Checkouts Full call number Barcode Date last seen Copy number Price effective from Koha item type
    Dewey Decimal Classification     Fiction Footprints International School Library Network Toul Kork Campus Footprints International School Library Network Toul Kork Campus   05/08/2024   MAS PZ7.M42355 2024-0590 05/08/2024 1 05/08/2024 Books